[Event "Spring Server Series, S91018"]
[Site "CCLA"]
[Date "2019.05.22"]
[Round "?"]
[White "Grandi, Cody"]
[Black "Selby, Robin"]
[Result "0-1"]
[WhiteElo "1190"]
[BlackElo "1209"]

1. d4 d5 2. Nf3 Nf6 3. e3 Nc6 4. Bd3 e6 5. c3 Bd6 6. c4 O-O 7. c5 Be7 8. 
Bd2 b6 9. Ne5 Nxe5 10. dxe5 Nd7 11. Qh5 g6 12. Qh6 Bg5 13. Qh3 Nxe5 14. 
Be2 Nc6 15. f4 e5 16. fxg5 Bxh3 17. gxh3 Qxg5 18. Nc3 Qh4+ 19. Kf1 Qxh3+ 
20. Kg1 Qf5 21. Nxd5 Qe6 22. Nxc7 Qd7 23. Nxa8 Rxa8 24. Be1 bxc5 25. Rd1 
Qe7 26. h4 e4 27. Bb5 Ne5 28. Be2 h6 29. Bc3 Kh7 30. Bxe5 Qxe5 31. b3 Qg3+
32. Kf1 Qxe3 33. Rh2 Qf4+ 34. Kg1 Re8 35. Rd7 Qe3+ 36. Rf2 Qg3+ 37. Kf1 
Qh3+ 38. Kg1 Qxd7 39. h5 Rg8 40. hxg6+ Rxg6+ 41. Rg2 Rxg2+ 42. Kxg2 Qf5 
0-1

[Event "Summer Server Series, S91119"]
[Site "CCLA"]
[Date "2019.08.24"]
[Round "?"]
[White "Buss, Michael D."]
[Black "Edwards, K. E. D. G."]
[Result "1-0"]
[WhiteElo "2464"]
[BlackElo "2331"]

1. e4 c5 2. Nf3 d6 3. c3 Nf6 4. h3 Nc6 5. Bd3 d5 6. e5 Nd7 7. Bb5 Qb6 8. 
Ba4 c4 9. d4 cxd3 10. O-O g6 11. Qxd3 Nc5 12. Qd1 Nxa4 13. Qxa4 Bd7 14. 
Qd1 Rd8 15. Re1 Bg7 16. Na3 Bf5 17. Nc2 O-O 18. Ncd4 Be4 19. Qb3 Qc7 20. 
Bf4 e6 21. Qd1 h6 22. Rc1 a6 23. a3 Rd7 24. Qe2 Rc8 25. Rcd1 Bxf3 26. Nxf3
Na5 27. Qe3 Kh7 28. h4 h5 29. Ng5+ Kg8 30. g4 hxg4 31. Qg3 Nc4 32. b3 Nxa3
33. Rc1 d4 34. Qxg4 d3 35. h5 gxh5 36. Qxh5 d2 37. Bxd2 Rxd2 38. Re4 Rd7 
39. Kh1 Qc5 40. f3 Qf2 41. Rg1 Rxc3 42. Rg2 Rc1+ 43. Kh2 Qxg2+ 44. Kxg2 
Rd2+ 45. Kg3 Rg1+ 46. Kf4 Rd7 47. Qh7+ Kf8 48. Qh2 Rdd1 49. Qh5 Rd7 50. 
Nh7+ 1-0

[Event "Summer Server Series, S91119"]
[Site "CCLA"]
[Date "2019.08.24"]
[Round "?"]
[White "Buss, Michael D."]
[Black "Deskin, Gary"]
[Result "1/2-1/2"]
[WhiteElo "2464"]
[BlackElo "2306"]

1. e4 e5 2. Nf3 Nf6 3. Nxe5 d6 4. Nf3 Nxe4 5. Nc3 Nxc3 6. dxc3 Be7 7. Be3 
O-O 8. Qd2 Nd7 9. O-O-O Nf6 10. Bd3 c5 11. Rhe1 Be6 12. Kb1 Qa5 13. c4 
Qxd2 14. Nxd2 d5 15. Bg5 Rfd8 16. b3 Rd7 17. Kc1 Rad8 18. cxd5 Rxd5 19. 
Ne4 c4 20. bxc4 Ra5 21. Kb2 Rc8 22. Nxf6+ gxf6 23. Bd2 Ra6 24. Re3 Kf8 25.
 Rde1 h5 26. h3 Rb6+ 27. Ka1 Bb4 28. Bxb4+ Rxb4 29. a3 Ra4 30. Kb2 Bxc4 
31. Re4 b5 32. Bxc4 Raxc4 33. Rxc4 Rxc4 34. Rd1 Rc5 35. Rd8+ Kg7 36. Ra8 
Rc7 37. Rd8 Re7 38. Rd4 Re2 39. Rf4 Kg6 40. Kc3 a5 41. Kd3 Re1 42. c4 
bxc4+ 43. Rxc4 Rb1 44. Ra4 1/2-1/2

[Event "Summer Server Series, S91119"]
[Site "CCLA"]
[Date "2019.08.24"]
[Round "?"]
[White "Buss, Michael D."]
[Black "Sereni, Vincent T."]
[Result "1/2-1/2"]
[WhiteElo "2464"]
[BlackElo "2085"]

1. e4 e5 2. Nf3 Nc6 3. Bb5 a6 4. Bxc6 dxc6 5. O-O f6 6. d4 exd4 7. Nxd4 c5
8. Ne2 Qxd1 9. Rxd1 Bd7 10. Nbc3 Ne7 11. Be3 Ng6 12. b3 Bd6 13. Nd5 Rd8 
14. Rd2 Bc8 15. Rad1 Kf7 16. c4 Ne5 17. h3 Rhe8 18. Nec3 g5 19. f4 gxf4 
20. Nxf4 b6 21. Nh5 Kg6 22. Nf4+ Kf7 23. Rf1 Nd7 24. Nh5 Kg6 25. g4 Be5 
26. Nd5 c6 27. Ndf4+ Kf7 28. Ng2 Bc3 29. Rd3 Bb2 30. Rf2 Ba1 31. Nh4 Rxe4 
32. Nf5 Be5 33. Rfd2 b5 34. Nh6+ Kg6 35. Nf5 Bc7 36. Kg2 Ree8 37. Bf4 Ba5 
38. Rf2 h6 39. Nd6 Be1 40. Rff3 Bh4 41. Nxc8 Re2+ 42. Kg1 bxc4 43. bxc4 
Ne5 44. Bxe5 fxe5 45. Rxd8 Bxd8 46. Nd6 Bh4 47. Nf6 Bxf6 48. Ra3 Bh4 49. 
Nf5 1/2-1/2

[Event "Summer Server Series, S91119"]
[Site "CCLA"]
[Date "2019.08.24"]
[Round "?"]
[White "Edwards, K. E. D. G."]
[Black "Buss, Michael D."]
[Result "1/2-1/2"]
[WhiteElo "2331"]
[BlackElo "2464"]

1. d4 Nf6 2. c4 e6 3. Nc3 Bb4 4. f3 O-O 5. a3 Bxc3+ 6. bxc3 d6 7. e4 c5 8.
 Bd3 Nc6 9. Ne2 b6 10. Bg5 h6 11. Bh4 e5 12. d5 Na5 13. O-O g5 14. Bf2 Nh5
15. Be3 Rb8 16. Ng3 Nf4 17. Re1 h5 18. Nf5 Nxd3 19. Qxd3 Rb7 20. Ng3 h4 
21. Nf5 Bxf5 22. exf5 f6 23. Qe4 h3 24. Ra2 Kf7 25. g3 Rh8 26. Bf2 Qc8 27.
 Kf1 Rb8 28. Rb1 Qd7 29. a4 Ke7 30. Raa1 Kd8 31. Ke2 Kc7 32. Kd2 Kb7 33. 
Ke2 Kc7 34. Rb2 Kb7 35. Raa2 Kc7 36. Kd2 Kb7 37. g4 Rbe8 38. Ke2 Qf7 39. 
Bg1 Kc8 40. Kf1 Qb7 41. Rb5 Kd7 42. Rab2 Qc7 43. Be3 Rh7 44. Bf2 Rf8 45. 
Qd3 Ke8 46. Qe4 Kf7 47. Kg1 Ke8 48. Kh1 Kd7 49. Kg1 Rc8 50. Ra2 Rf8 51. 
Rb1 Rb8 52. Be3 Kc8 53. Kf1 Kb7 54. Bf2 Rc8 55. Rba1 Rd8 56. Re2 Re8 57. 
Rb2 1/2-1/2

[Event "Summer Server Series, S91119"]
[Site "CCLA"]
[Date "2019.08.24"]
[Round "?"]
[White "Edwards, K. E. D. G."]
[Black "Deskin, Gary"]
[Result "1/2-1/2"]
[WhiteElo "2331"]
[BlackElo "2306"]

1. d4 d5 2. c4 c6 3. Nc3 Nf6 4. e3 e6 5. Nf3 Nbd7 6. Bd3 dxc4 7. Bxc4 b5 
8. Bd3 Bb7 9. e4 b4 10. Na4 c5 11. e5 Nd5 12. O-O h6 13. Bd2 Be7 14. Rc1 
cxd4 15. Re1 O-O 16. Nxd4 Bg5 17. Bb5 Bxd2 18. Qxd2 Rc8 19. Rxc8 Qxc8 20. 
h3 Qd8 21. Kh2 Qc7 22. Bxd7 Qxd7 23. Nc5 Qe7 24. Ne4 Ba8 25. f4 a5 26. Qf2
f6 27. exf6 Nxf6 28. Ng3 Bd5 29. Nxe6 Bxe6 30. Qb6 Nd5 31. Rxe6 Qf7 32. 
Qc6 Nxf4 33. Re5 Qxa2 34. Nf5 Qf7 35. Rxa5 Nd3 36. Rb5 Nxb2 37. Qe4 Qc7+ 
38. Ng3 Rb8 39. Qxb4 Rxb5 40. Qxb5 Nc4 41. Qd5+ Kh7 42. h4 Qf4 43. Qd3+ g6
44. Qd7+ Kg8 45. Qc8+ Kg7 46. Qd7+ Kf8 1/2-1/2

[Event "Summer Server Series, S91119"]
[Site "CCLA"]
[Date "2019.08.24"]
[Round "?"]
[White "Edwards, K. E. D. G."]
[Black "Sereni, Vincent T."]
[Result "1-0"]
[WhiteElo "2331"]
[BlackElo "2085"]

1. e4 e5 2. Nf3 Nc6 3. Bb5 a6 4. Ba4 Nf6 5. O-O b5 6. Bb3 Bd6 7. d4 Bb7 8.
 Re1 O-O 9. Nbd2 Re8 10. c3 h6 11. Bc2 Qb8 12. a3 a5 13. Nf1 b4 14. Ng3 
exd4 15. cxd4 Bxg3 16. hxg3 d5 17. e5 Ne4 18. g4 Qd8 19. Be3 f6 20. axb4 
Nxb4 21. Bb1 Bc8 22. Nd2 f5 23. gxf5 Bxf5 24. Nxe4 Bxe4 25. Bxe4 dxe4 26. 
Qg4 h5 27. Qxe4 Qd5 28. Qg6 Re6 29. Qb1 Raa6 30. f3 Rec6 31. Re2 Rc4 32. 
Qf5 g6 33. Qg5 Rac6 34. Rxa5 Rxd4 35. Rxd5 Rxd5 36. Qe7 g5 37. e6 Kh8 38. 
Bxg5 1-0

[Event "Summer Server Series, S91119"]
[Site "CCLA"]
[Date "2019.08.24"]
[Round "?"]
[White "Deskin, Gary"]
[Black "Buss, Michael D."]
[Result "1/2-1/2"]
[WhiteElo "2306"]
[BlackElo "2464"]

1. d4 g6 2. e4 Bg7 3. Nf3 d6 4. Bd3 Nd7 5. O-O e6 6. c4 Ne7 7. Nc3 O-O 8. 
Be3 e5 9. Qd2 b6 10. Bc2 Bb7 11. Bh6 a5 12. Rae1 Nc6 13. d5 Nb4 14. Bb1 
Na6 15. a3 Nac5 16. Bxg7 Kxg7 17. b4 Na6 18. Qb2 Nf6 19. Bc2 Bc8 20. Rb1 
Nh5 21. g3 Bh3 22. Rfe1 Nb8 23. Kh1 h6 24. Ng1 Bc8 25. f3 Kh7 26. Rf1 Ng7 
27. Rbe1 Nd7 28. Qc1 Nf6 29. b5 Qe7 30. f4 Ngh5 31. f5 Nd7 32. Nh3 Nhf6 
33. Nf2 Nc5 34. Re3 Rg8 35. Rf3 g5 36. h3 Bd7 37. Kg2 h5 38. Na4 Nxa4 39. 
Bxa4 Rg7 40. Bd1 Rh8 41. Rg1 Kg8 42. Re3 Bc8 43. Nd3 Nd7 44. Rf1 Rh6 45. 
Ref3 1/2-1/2

[Event "Summer Server Series, S91119"]
[Site "CCLA"]
[Date "2019.08.24"]
[Round "?"]
[White "Deskin, Gary"]
[Black "Edwards, K. E. D. G."]
[Result "1/2-1/2"]
[WhiteElo "2306"]
[BlackElo "2331"]

1. d4 Nf6 2. c4 e6 3. Nf3 d5 4. Nc3 Bb4 5. Qb3 Nc6 6. a3 Bxc3+ 7. Qxc3 Ne4
8. Qc2 O-O 9. e3 a5 10. Bd3 f5 11. O-O Bd7 12. Bd2 Be8 13. Be1 Bh5 14. Nd2
Nf6 15. f4 Ne7 16. Bh4 Qd7 17. Bxf6 Rxf6 18. Rac1 Rc8 19. Rfe1 c6 20. c5 
Ra8 21. Nf1 Rff8 22. Ng3 Bf7 23. Ne2 Qc7 24. Nc3 Kh8 25. Na4 h6 26. Kh1 g5
27. Nb6 Rae8 28. Rf1 Bh5 29. Qd2 Ng6 1/2-1/2

[Event "Summer Server Series, S91119"]
[Site "CCLA"]
[Date "2019.08.24"]
[Round "?"]
[White "Deskin, Gary"]
[Black "Sereni, Vincent T."]
[Result "1-0"]
[WhiteElo "2306"]
[BlackElo "2085"]

1. d4 d5 2. c4 e6 3. Nf3 Nf6 4. Nc3 Be7 5. Bf4 O-O 6. e3 Nbd7 7. cxd5 exd5
8. Bd3 c5 9. O-O c4 10. Bc2 Nb8 11. Ne5 Be6 12. Bg3 Nc6 13. f4 Ng4 14. 
Nxg4 f5 15. Ne5 Rc8 16. Qh5 Nb4 17. Bd1 a6 18. a3 Nc6 19. Nf3 Kh8 20. Qh3 
Qb6 21. Na4 Qa7 22. Bh4 Bd6 23. Ne5 b5 24. Nc3 Bxe5 25. fxe5 Qd7 26. Qg3 
Rb8 27. Ne2 Ra8 28. Nf4 a5 29. Qh3 g6 30. Rf3 Qe8 31. Rg3 Kg8 32. Bh5 Bf7 
33. Bf6 Ne7 34. Bf3 Be6 35. Nxe6 Rxf6 36. exf6 Rc8 37. fxe7 1-0

[Event "Summer Server Series, S91119"]
[Site "CCLA"]
[Date "2019.08.24"]
[Round "?"]
[White "Sereni, Vincent T."]
[Black "Buss, Michael D."]
[Result "0-1"]
[WhiteElo "2085"]
[BlackElo "2464"]

1. e4 e5 2. Nf3 Nc6 3. Bb5 f5 4. d3 Nf6 5. exf5 Ne7 6. d4 e4 7. Nh4 c6 8. 
Be2 Qa5+ 9. Nc3 Nxf5 10. Nxf5 Qxf5 11. O-O Qg6 12. Re1 d5 13. Bf4 Bb4 14. 
a3 Ba5 15. b4 Bb6 16. a4 O-O 17. a5 Bd8 18. Qd2 Nh5 19. Bxh5 Qxh5 20. Ne2 
Bg4 21. Ng3 Qg6 22. c3 h5 23. h3 Bd7 24. Qe3 h4 25. Ne2 Be7 26. a6 b6 27. 
Rec1 Rxf4 28. Qxf4 Rf8 29. Qh2 Bd6 30. Qh1 Qf5 31. Rf1 Qg5 32. Rfd1 Be8 
33. Ra2 Bh5 34. Re1 Rf3 35. Nc1 e3 36. Nd3 exf2+ 37. Nxf2 Re3 38. Rf1 Bg3 
39. Ng4 Rd3 0-1

[Event "Summer Server Series, S91119"]
[Site "CCLA"]
[Date "2019.08.24"]
[Round "?"]
[White "Sereni, Vincent T."]
[Black "Edwards, K. E. D. G."]
[Result "0-1"]
[WhiteElo "2085"]
[BlackElo "2331"]

1. e4 c5 2. Nf3 d6 3. Bc4 Nf6 4. Nc3 a6 5. a4 e6 6. d4 cxd4 7. Nxd4 Be7 8.
 O-O O-O 9. Be3 Nc6 10. Qe2 Bd7 11. Nxc6 Bxc6 12. a5 Nd7 13. Rfd1 Rc8 14. 
f3 Qc7 15. Qd2 Rfd8 16. Kh1 h6 17. Be2 Qb8 18. Bf2 Nf6 19. Qe3 d5 20. Bg3 
Qa8 21. Be5 dxe4 22. fxe4 Rxd1+ 23. Rxd1 Rd8 24. Rf1 Rd7 25. Bd4 Nh7 26. 
Bb6 Qb8 27. e5 Bg5 28. Qc5 Rd2 29. Qf2 Qe8 30. h4 Be7 31. Rc1 Nf8 32. Qf4 
Rd7 33. Bd3 Ng6 34. Bxg6 fxg6 35. Rf1 Kh7 36. Rf2 g5 37. Qg4 gxh4 38. Qxe6
Qh5 39. Kg1 Bb4 40. Ne4 Rd1+ 41. Kh2 Bxe4 42. Qf7 Qxe5+ 0-1

[Event "Summer Server Series, S91119"]
[Site "CCLA"]
[Date "2019.08.24"]
[Round "?"]
[White "Sereni, Vincent T."]
[Black "Deskin, Gary"]
[Result "0-1"]
[WhiteElo "2085"]
[BlackElo "2306"]

1. e4 e5 2. Nf3 Nc6 3. Bb5 Nf6 4. O-O Nxe4 5. d4 Be7 6. Qe2 Nd6 7. Bxc6 
bxc6 8. dxe5 Nb7 9. c4 O-O 10. Nc3 f6 11. Re1 fxe5 12. Nxe5 Bf6 13. Bf4 
Qe8 14. Qc2 d6 15. Ng4 Be7 16. Bg5 Bf5 17. Qd1 Qg6 18. Bxe7 Bxg4 19. Qd2 
Rfe8 20. b3 Nc5 21. Re3 Bf3 22. Rxf3 Rxe7 23. Nd5 Re5 24. Ne3 Rae8 25. Rd1
h5 26. h3 Ne6 27. b4 Qe4 28. Qc3 Ng5 29. Rg3 Rf8 30. Qb2 Ne6 31. a3 Rf4 
32. Qd2 Kf7 33. Kh2 g5 34. Rc1 g4 35. Re1 gxh3 36. Rxh3 Qd4 37. Qxd4 Nxd4 
38. Rd1 h4 39. Rd2 Ne6 40. Kg1 Ke7 41. b5 Kd7 42. a4 Rg5 43. Ra2 Rg7 44. 
Rh2 Ng5 45. Kf1 Rgf7 46. Kg1 Ne4 47. bxc6+ Kxc6 48. Nd5 Rxf2 49. Rxf2 Nxf2
50. Rxh4 Nd3 51. a5 Kc5 52. Ne3 a6 53. Kh2 Ne5 54. Kg3 Kb4 55. Rh5 c5 56. 
Rh6 Rd7 57. Kf4 Nxc4 58. Nd5+ Kxa5 59. g4 Rf7+ 60. Ke4 Rf1 61. g5 Rd1 62. 
Nf4 d5+ 63. Kf5 Ne3+ 64. Ke6 c4 65. g6 Rg1 66. Rh3 d4 67. Kf6 Rf1 68. Ke5 
Ng4+ 69. Kf5 d3 70. g7 Nf6 71. Kxf6 Rxf4+ 72. Kg5 Rf1 73. Rh5 Kb4 74. Kh6 
Rg1 75. Rg5 Rxg5 76. Kxg5 d2 77. g8=Q d1=Q 78. Qf8+ Kb3 79. Qf7 a5 0-1

[Event "Summer Server Series, S91120"]
[Site "CCLA"]
[Date "2019.08.24"]
[Round "?"]
[White "O'Keefe, Michael J."]
[Black "Fisette, Robert A."]
[Result "1-0"]
[WhiteElo "2091"]
[BlackElo "1932"]

1. e4 c6 2. d4 d5 3. f3 Qb6 4. Nc3 dxe4 5. fxe4 e5 6. dxe5 Be6 7. Nf3 Nd7 
8. Qd4 Bc5 9. Qd2 Bb4 10. a3 Qa5 11. Be2 O-O-O 12. axb4 Qxa1 13. Nd4 Nxe5 
14. O-O Ne7 15. Qe3 Bc4 16. Bxc4 Nxc4 17. Qh3+ Rd7 18. Nb3 1-0

[Event "Summer Server Series, S91120"]
[Site "CCLA"]
[Date "2019.08.24"]
[Round "?"]
[White "O'Keefe, Michael J."]
[Black "Ott, Paul B."]
[Result "1-0"]
[WhiteElo "2091"]
[BlackElo "1997"]

1. e4 e6 2. d3 d5 3. Nd2 Nf6 4. Ngf3 c5 5. g3 Nc6 6. Qe2 g6 7. Bg2 Bg7 8. 
exd5 Nxd5 9. c3 O-O 10. O-O h6 11. Nc4 b6 12. a4 Re8 13. a5 Ba6 14. Nfe5 
Bxe5 15. Nxe5 Nxe5 16. Qxe5 Bxd3 17. Rd1 Bc2 18. Rd2 Bb3 19. Ra3 c4 20. 
Rd4 Qb8 21. Qxb8 Raxb8 22. axb6 axb6 23. Bxh6 Ra8 24. Rxa8 Rxa8 25. Bxd5 
exd5 26. Rxd5 Kh7 27. Be3 Bc2 28. Rb5 Be4 29. Kf1 Bf3 30. Ke1 Rb8 31. Bxb6
g5 32. Kd2 Bc6 33. Rb4 Kg6 34. Bc5 Rd8+ 35. Bd4 Bd5 36. b3 cxb3 37. c4 Bc6
38. Kc3 b2 39. Rxb2 g4 40. Be3 Kf5 41. Rb6 Rc8 42. Kb4 Ke4 43. Ra6 f6 44. 
Ra2 Ba8 45. c5 Kf5 46. Kb5 Rb8+ 47. Ka6 Be4 48. Rd2 Rb7 49. Rd6 1-0

[Event "Summer Server Series, S91120"]
[Site "CCLA"]
[Date "2019.08.24"]
[Round "?"]
[White "O'Keefe, Michael J."]
[Black "Haase, F. Philip"]
[Result "1/2-1/2"]
[WhiteElo "2091"]
[BlackElo "2112"]

1. e4 c5 2. Nf3 d6 3. Bb5+ Bd7 4. Bxd7+ Nxd7 5. c3 Ngf6 6. Qe2 Qc7 7. O-O 
e6 8. d4 a6 9. e5 dxe5 10. dxe5 Nd5 11. c4 Nb4 12. Nc3 Be7 13. b3 O-O 14. 
Bf4 Rfd8 15. Ne4 Nf8 16. h4 Rd7 17. h5 h6 18. a3 Nc6 19. Nd6 Rad8 20. Qe3 
f6 21. Ne4 Nxe5 22. Bxe5 fxe5 23. Qc3 Rd3 24. Qxe5 Qc6 25. Rae1 Rxb3 26. 
Qg3 Qd7 27. Qf4 Qe8 28. Qg4 Qf7 29. Rb1 Rxb1 30. Rxb1 b5 31. cxb5 axb5 32.
 Rxb5 Rd1+ 33. Kh2 Rd5 34. Kg1 Rxh5 35. a4 Rd5 36. Nc3 Rd8 37. g3 h5 38. 
Qe4 h4 39. Kg2 hxg3 40. fxg3 Qe8 41. a5 Bf6 42. Rxc5 Bxc3 43. Rxc3 Qb5 44.
 Rc6 Qxa5 45. g4 Ra8 46. Kg3 Qd8 47. Qf4 Ra7 48. Qe3 Rf7 49. Ne5 Rb7 50. 
Rc3 Rb5 51. Nf3 Rb7 52. Qg5 Qd1 53. Qe3 Qd6+ 54. Qf4 Qd1 55. Qe3 Qd8 56. 
Rd3 Qc7+ 57. Qf4 Qc2 58. Qd4 Rf7 59. Ne5 Rf6 60. Rf3 Qc1 61. Rf4 Qa3+ 62. 
Rf3 Qe7 63. Qb6 Rxf3+ 64. Nxf3 Nd7 65. Qd4 Nf8 66. Qb6 Nd7 1/2-1/2

[Event "Summer Server Series, S91120"]
[Site "CCLA"]
[Date "2019.08.24"]
[Round "?"]
[White "Fisette, Robert A."]
[Black "O'Keefe, Michael J."]
[Result "0-1"]
[WhiteElo "1932"]
[BlackElo "2091"]

1. d4 Nf6 2. c4 e6 3. g3 c5 4. d5 exd5 5. cxd5 b5 6. e4 Nxe4 7. Bg2 Nd6 8.
 Nf3 Qe7+ 9. Be3 Nf5 10. O-O Nxe3 11. fxe3 d6 12. e4 g6 13. e5 Bg7 14. Nc3
O-O 15. Nxb5 Ba6 16. a4 Bxb5 17. axb5 Nd7 18. exd6 Qxd6 19. Ra6 Nb6 20. 
Ng5 c4 21. Ne4 Qb4 22. Nf6+ Bxf6 23. Rxf6 Qxb2 24. Qa1 c3 25. d6 Rae8 26. 
Rxa7 Re2 27. Qf1 c2 28. Rfxf7 Rxg2+ 29. Kh1 Rf2 0-1

[Event "Summer Server Series, S91120"]
[Site "CCLA"]
[Date "2019.08.24"]
[Round "?"]
[White "Fisette, Robert A."]
[Black "Ott, Paul B."]
[Result "1/2-1/2"]
[WhiteElo "1932"]
[BlackElo "1997"]

1. d4 f5 2. g3 g6 3. Bg2 Bg7 4. c4 Nf6 5. Nc3 O-O 6. Nf3 c6 7. O-O d6 8. 
Re1 Nh5 9. h3 e5 10. dxe5 dxe5 11. e4 Qxd1 12. Rxd1 Re8 13. b3 Na6 14. Ba3
Nf6 15. Re1 Nxe4 16. Nxe4 fxe4 17. Ng5 Bf5 18. Nxe4 Bxe4 19. Bxe4 Bf8 20. 
Bb2 Bc5 21. Rad1 Red8 22. Kf1 Bd4 23. Bc1 Bc3 24. Bg5 Rd4 25. Rxd4 exd4 
26. Rd1 Rf8 27. Bd2 Kg7 28. Bxc3 dxc3 29. Ke2 Nc5 30. f3 b5 31. b4 Nxe4 
32. fxe4 a5 33. Rd7+ Kg8 34. cxb5 cxb5 35. a3 Rc8 36. Kd1 axb4 37. axb4 
Rc4 38. e5 Rxb4 39. Kc2 Rc4 40. e6 Re4 41. Kxc3 Rxe6 42. Kd2 h6 43. Rb7 
Re5 44. Kd3 Rg5 45. g4 h5 46. Ke3 hxg4 47. hxg4 Rxg4 48. Rxb5 Kf7 49. Kf2 
Rc4 1/2-1/2

[Event "Summer Server Series, S91120"]
[Site "CCLA"]
[Date "2019.08.24"]
[Round "?"]
[White "Fisette, Robert A."]
[Black "Haase, F. Philip"]
[Result "0-1"]
[WhiteElo "1932"]
[BlackElo "2112"]

1. d4 d5 2. c4 e6 3. Nf3 c5 4. cxd5 exd5 5. Nc3 Nc6 6. dxc5 Bxc5 7. Qxd5 
Qb6 8. e3 Nf6 9. Qb3 Qxb3 10. axb3 O-O 11. Bc4 a6 12. O-O Be6 13. Bxe6 
fxe6 14. Ng5 Rfe8 15. Rd1 Rad8 16. Rxd8 Nxd8 17. Bd2 Nc6 18. Nce4 Nxe4 19.
 Nxe4 Be7 20. Bc3 Rd8 21. Kf1 Rd5 22. Ke2 Rb5 23. Nd2 h6 24. Kd1 Rg5 25. 
g3 Rh5 26. Nf3 Rb5 27. Nd2 Rh5 28. Nf1 Rb5 29. Kc2 Nb4+ 30. Bxb4 Bxb4 31. 
Rd1 h5 32. h4 Rc5+ 33. Kb1 Rf5 34. f4 Rd5 35. Rxd5 exd5 36. Kc2 a5 37. Nd2
Kh7 38. Nf3 Kg6 39. Nd4 Be1 40. Ne2 Kf5 41. Kd3 Kg4 42. Nc3 Bxc3 43. bxc3 
b5 44. c4 bxc4+ 45. bxc4 dxc4+ 46. Kxc4 Kf3 47. Kd3 Kxg3 0-1

[Event "Summer Server Series, S91120"]
[Site "CCLA"]
[Date "2019.08.24"]
[Round "?"]
[White "Ott, Paul B."]
[Black "O'Keefe, Michael J."]
[Result "0-1"]
[WhiteElo "1997"]
[BlackElo "2091"]

1. e4 e5 2. Nc3 Nf6 3. Bc4 Nxe4 4. Qh5 Nd6 5. Bb3 Nc6 6. Nb5 g6 7. Qf3 f5 
8. Qd5 Qe7 9. Nxc7+ Kd8 10. Nxa8 b6 11. Ne2 Bb7 12. Qf3 Nd4 13. Nxd4 Bxf3 
14. Nxf3 e4 15. Nd4 f4 16. O-O f3 17. g3 Bg7 18. c3 Bxd4 19. cxd4 Qf6 20. 
d3 Qf5 21. Kh1 exd3 22. Be3 Ne4 23. Rg1 Nf6 24. Bf4 Ng4 25. Rgf1 Re8 26. 
Bc7+ Kc8 27. Bc4 b5 0-1

[Event "Summer Server Series, S91120"]
[Site "CCLA"]
[Date "2019.08.24"]
[Round "?"]
[White "Ott, Paul B."]
[Black "Fisette, Robert A."]
[Result "1-0"]
[WhiteElo "1997"]
[BlackElo "1932"]

1. c4 e5 2. g3 Nf6 3. Bg2 Nc6 4. Nc3 Bc5 5. e3 O-O 6. Nge2 d6 7. O-O a6 8.
 h3 Ba7 9. b3 h6 10. Bb2 Re8 11. g4 Nh7 12. Kh2 f5 13. Bd5+ Kh8 14. gxf5 
Bxf5 15. Bg2 Qh4 16. f4 Rf8 17. Qe1 Qxe1 18. Raxe1 Rae8 19. Nd5 Bb8 20. 
fxe5 Nxe5 21. Ng3 Bd7 22. Nf4 Rf6 23. Rd1 c6 24. Ngh5 Rf7 25. d4 1-0

[Event "Summer Server Series, S91120"]
[Site "CCLA"]
[Date "2019.08.24"]
[Round "?"]
[White "Ott, Paul B."]
[Black "Haase, F. Philip"]
[Result "1/2-1/2"]
[WhiteElo "1997"]
[BlackElo "2112"]

1. d4 d5 2. c4 e6 3. Nf3 c5 4. cxd5 exd5 5. g3 Nf6 6. Bg2 Be7 7. O-O O-O 
8. Nc3 Nc6 9. Bg5 c4 10. Ne5 Be6 11. Nxc6 bxc6 12. b3 cxb3 13. axb3 Bf5 
14. Bf4 Re8 15. Ra6 Qc8 16. Qa1 Qb7 17. Rc1 Bc8 18. Rxc6 Qxc6 19. Nxd5 
Qxd5 20. Bxd5 Nxd5 21. e4 Nxf4 22. gxf4 Bb7 23. d5 Bd8 24. Rc4 Bb6 25. f5 
f6 26. h4 Rad8 27. Kg2 Bc8 28. f3 Bd7 29. h5 Kf7 30. Qc1 Rg8 31. f4 g5 32.
 fxg6+ hxg6 33. h6 g5 34. f5 Rh8 35. Qh1 1/2-1/2

[Event "Summer Server Series, S91120"]
[Site "CCLA"]
[Date "2019.08.24"]
[Round "?"]
[White "Haase, F. Philip"]
[Black "O'Keefe, Michael J."]
[Result "1-0"]
[WhiteElo "2112"]
[BlackElo "2091"]

1. e4 e5 2. Nf3 Nc6 3. d4 exd4 4. Bc4 Nf6 5. O-O Nxe4 6. Nxd4 d5 7. Bb5 
Bd7 8. c4 Bc5 9. Nb3 Ne7 10. Nxc5 Nxc5 11. Nc3 Bxb5 12. Nxb5 dxc4 13. Qc2 
Qd7 14. Qxc4 Ne6 15. Be3 O-O 16. Rad1 Qc6 17. Qb3 a6 18. Nd4 Nxd4 19. Rxd4
b5 20. Rc1 Qf6 21. Rxc7 Nf5 22. Re4 Rae8 23. Rxe8 Rxe8 24. Bd2 Nd4 25. Qd5
Ne6 26. Ra7 Qxb2 27. g3 h6 28. Be3 Qf6 29. Qc6 Rd8 30. Rxa6 Rd1+ 31. Kg2 
Qf5 32. h3 Ra1 33. g4 Nf4+ 34. Kg3 Ne2+ 35. Kh4 Qe5 36. Qc8+ Kh7 37. Qc2+ 
g6 38. Qxe2 1-0

[Event "Summer Server Series, S91120"]
[Site "CCLA"]
[Date "2019.08.24"]
[Round "?"]
[White "Haase, F. Philip"]
[Black "Fisette, Robert A."]
[Result "1-0"]
[WhiteElo "2112"]
[BlackElo "1932"]

1. e4 c6 2. d4 d5 3. e5 Bf5 4. Nf3 e6 5. Be2 Nd7 6. O-O Bg6 7. Bf4 Nh6 8. 
Nbd2 Nf5 9. c4 Be7 10. Qb3 Rb8 11. cxd5 cxd5 12. h3 O-O 13. Rac1 b5 14. 
Rc6 Nb6 15. Bxb5 a6 16. Be2 Nc4 17. Qa4 Nxb2 18. Qxa6 Ra8 19. Qb7 Na4 20. 
Rb1 Rc8 21. Rb3 Rb8 22. Qc7 Qxc7 23. Rxc7 Rbc8 24. Rcb7 Nc3 25. Ba6 Rfe8 
26. g4 Nh4 27. Rxe7 Nxf3+ 28. Nxf3 Rxe7 29. Bxc8 Ne2+ 30. Kh2 Nxf4 31. Ba6
h6 32. Kg3 Ra7 33. Bf1 Rxa2 34. Kxf4 Rxf2 35. Bb5 Be4 36. Kg3 Ra2 37. h4 
Ra1 38. Nd2 Bc2 39. Rc3 Bd1 40. h5 Kf8 41. Rc8+ 1-0

[Event "Summer Server Series, S91120"]
[Site "CCLA"]
[Date "2019.08.24"]
[Round "?"]
[White "Haase, F. Philip"]
[Black "Ott, Paul B."]
[Result "1/2-1/2"]
[WhiteElo "2112"]
[BlackElo "1997"]

1. e4 e5 2. Nf3 Nf6 3. d4 exd4 4. e5 Ne4 5. Qxd4 d5 6. exd6 Nxd6 7. Qf4 
Nf5 8. Bd3 Bd6 9. Qe4+ Ne7 10. O-O Nd7 11. Qe2 O-O 12. Nc3 Re8 13. Re1 h6 
14. Be3 Nf6 15. Bd4 Nh5 16. Bc4 Nf4 17. Qd2 Be6 18. Bxe6 Nxe6 19. Rad1 Nf5
20. Nb5 Bf4 21. Qd3 Nh4 22. g3 Nxf3+ 23. Qxf3 Qg5 24. Qxb7 Reb8 25. Qg2 
Bxg3 26. fxg3 Qxb5 27. Bc3 Re8 28. h4 Rac8 29. Qf3 Re7 30. Kh2 c5 31. Qe2 
Qb7 32. Qe5 Rd7 1/2-1/2

[Event "Summer Server Series, S91121"]
[Site "CCLA"]
[Date "2019.08.24"]
[Round "?"]
[White "Thomas, Gerald K."]
[Black "Shannon, Paul D."]
[Result "0-1"]
[WhiteElo "1773"]
[BlackElo "1870"]

1. e4 e6 2. d4 d5 3. Nd2 Nf6 4. e5 Nfd7 5. Ngf3 c5 6. c3 Nc6 7. Nb3 cxd4 
8. cxd4 Be7 9. Be3 O-O 10. a3 f6 11. Bb5 Qb6 12. Qd3 fxe5 13. Bxc6 e4 14. 
Qb5 bxc6 15. Qxb6 axb6 16. Ne5 Nxe5 17. dxe5 c5 18. O-O Ba6 19. Rfe1 Rf7 
20. g3 Raf8 21. Nd2 d4 22. Bf4 g5 23. Bxg5 Bxg5 24. f4 exf3 0-1

[Event "Summer Server Series, S91121"]
[Site "CCLA"]
[Date "2019.08.24"]
[Round "?"]
[White "Walton, John C."]
[Black "Shannon, Paul D."]
[Result "0-1"]
[WhiteElo "1904"]
[BlackElo "1870"]

1. c4 Nf6 2. g3 g6 3. Bg2 Bg7 4. Nc3 O-O 5. d4 d6 6. Nf3 Nbd7 7. O-O e5 8.
 e4 c6 9. h3 Re8 10. Be3 exd4 11. Nxd4 Nc5 12. Qc2 Qe7 13. Rfe1 Bd7 14. 
Nb3 Nxb3 15. axb3 a6 16. Rad1 b5 17. Bf4 bxc4 18. bxc4 Qe6 19. Rxd6 Qxc4 
20. e5 Bf5 0-1

[Event "Summer Server Series, S91121"]
[Site "CCLA"]
[Date "2019.08.24"]
[Round "?"]
[White "Silverman, Robert"]
[Black "Shannon, Paul D."]
[Result "1/2-1/2"]
[WhiteElo "1919"]
[BlackElo "1870"]

1. e4 e6 2. c4 d5 3. cxd5 exd5 4. exd5 Nf6 5. Bb5+ Nbd7 6. Nf3 Nxd5 7. O-O
Bd6 8. Re1+ Ne7 9. Nc3 O-O 10. d4 c6 11. Bd3 h6 12. Ne4 Bc7 13. Bd2 Nd5 
14. Rc1 N7f6 15. Nc5 Rb8 16. Qb3 Nf4 17. Bc4 N6d5 18. Ne5 Qg5 19. Bxd5 
cxd5 20. Bxf4 Qxf4 21. Ncd7 Bxe5 22. Nxe5 Qxd4 23. Rcd1 Qf4 24. Qxd5 Be6 
25. Qa5 a6 26. Qb6 Qa4 27. a3 Rfe8 28. Nf3 Bg4 29. Rxe8+ Rxe8 30. Rd8 Bxf3
31. gxf3 Rxd8 32. Qxd8+ Kh7 33. Qd3+ Kg8 34. Qd8+ Kh7 1/2-1/2

[Event "Summer Server Series, S91121"]
[Site "CCLA"]
[Date "2019.08.24"]
[Round "?"]
[White "Walsh, Patrick"]
[Black "Shannon, Paul D."]
[Result "0-1"]
[WhiteElo "1753"]
[BlackElo "1870"]

1. Nf3 f5 2. c4 Nf6 3. g3 e6 4. Bg2 Be7 5. O-O O-O 6. Nc3 d5 7. d4 c6 8. 
b3 Qe8 9. Ne5 Nbd7 10. Nd3 Ne4 11. Bb2 Bd6 12. e3 Ndf6 13. Nxe4 fxe4 14. 
Ne5 Bd7 15. Nxd7 Qxd7 16. f3 exf3 17. Rxf3 Rf7 18. Qd3 Raf8 19. Raf1 Qe7 
20. R3f2 Ng4 21. Rxf7 Rxf7 22. e4 Rxf1+ 23. Bxf1 Qf7 24. Qe2 h5 0-1